000 00702cam a22002411 4500
001 sa 66001307
003 DLC
005 20260227112221.0
008 900116s1965 ii b 000 0 hino
010 _asa 66001307
035 _a(OCoLC)20908497
040 _aDLC
_cWaU
_dNRU
_dDLC
042 _apremarc
050 0 0 _aPK2095.T8
_bZ68
100 1 _aDixit, Chhote Lal,
_d1936-
245 0 0 _aTulasīdāsa kā saundarya-bodha.
_cLekhaka Choṭelāla Dikshita.
250 _a[1. saṃskaraṇa]
260 _aVārāṇasī,
_bNandakiśora
_c[1965]
300 _a2, 4, 226, 2 p.
_c19 cm.
500 _aIn Hindi.
504 _aBibliography: p. [1]-2 (last group)
600 0 0 _aTulasīdāsa,
_d1532-1623.
999 _c67711
_d67711